Neighborhoods in Pasadena - Statistics

General Stats
  • This quiz has been taken 10 times
    4 since last reset
  • The average score is 3 of 20
Answer Stats
Answer % Correct
Old Pasadena
100%
Bungalow Heaven
50%
Oak Knoll
50%
Playhouse Village
50%
Annandale
0%
Arroyo del mar
0%
Arroyo Terrace
0%
Bellefontaine
0%
Civic center
0%
Governor Markham
0%
Hastings Beach
0%
Lamanda Park
0%
Linda vista
0%
Lower Arroyo
0%
Normandie Heights
0%
Park Place
0%
Poppy Peak
0%
Prospect
0%
Raymond hill
0%
Washington Square
0%
No matching quizzes found
Score Distribution
Percent of People with Each Score
Percentile by Number Answered
Your Score History
You have not taken this quiz since the last reset